Alkohol ani cigarety na deťoch neskúšajte

Bibliographic Details
Main Author: Belanová, Antónia (Author)
Format: Article
Language:Slovak
PhysicalDescription:Fotogr.
ISSN:0231-6463
Subjects:

MARC

LEADER 00000nab a2200000 a 4500
001 vtls010480758
003 SK-MaSNL
005 20260304161036.0
008 250507c2012 xo mr|p|||| |000 b|slo
015 |a SNBRB2013/01 
035 |a (uuid)f592b110-ae05-4248-97ad-2560508d3be3 
035 |a urn:nbn:sk:snk-ab1c4v 
035 |a (urnnbn)urn:nbn:sk:snk:ar-001w9t 
038 |a SPK 
040 |a SNKBUCL  |b slo  |c SNKBUCL  |e AACR2 
041 0 |a slo 
044 |a xo  |c SK 
072 7 |a 17  |x Etika. Morálna filozofia  |2 konspekt 
072 7 |a 316.3  |x Globálne spoločnosti. Sociálna štruktúra. Sociálne skupiny  |2 konspekt 
080 |a 178.7  |2 2001 
080 |a 178.3  |2 2001 
080 |a 316.346.32-053.2  |2 2001 
100 1 |a Belanová, Antónia  |4 aut  |9 1097500 
245 1 0 |a Alkohol ani cigarety na deťoch neskúšajte  |c Antónia Belanová 
300 |b Fotogr. 
650 0 7 |a fajčenie  |2 snkbucl  |9 2509 
650 0 7 |a konzumácia alkoholu  |2 snkbucl  |9 67951 
650 0 7 |a deti a mládež  |2 snkbucl  |9 774 
650 0 7 |a rodinná výchova  |2 snkbucl  |9 66934 
773 0 |t Rodina a škola  |g Roč. 60, č. 10 (2012), s. 7  |x 0231-6463 
850 |a Slovenská národná knižnica 
852 |a Slovenská národná knižnica 
958 |a article27 
958 |a OND 
999 |c 2969749  |d 2971679